|
|
|
|
| LEADER |
00660nab a2200169 i 4500 |
| 001 |
misc2552 |
| 005 |
20191106144408.0 |
| 008 |
170607s1892 hu o 0|| hun d |
| 040 |
|
|
|a SZTE Miscellanea Repozitórium
|b hun
|
| 041 |
|
|
|a hun
|
| 100 |
1 |
|
|a Horváth Géza
|
| 245 |
1 |
2 |
|a A munkás baleset-biztositás [!baleset-biztosítás] kérdése Magyarországon
|h [elektronikus dokumentum] /
|c Horváth Géza
|
| 260 |
|
|
|c 1892
|
| 300 |
|
|
|a 24-27
|
| 490 |
0 |
|
|a A kereskedelmi jog és ismeretek tára : havi folyóirat
|v 2 No. 30
|
| 695 |
|
|
|a Közgazdaságtudomány, Jogtudomány
|
| 856 |
4 |
0 |
|u http://misc.bibl.u-szeged.hu/2552/1/kereskedelmi_002_030_024-027.pdf
|z Dokumentum-elérés
|